मार्क इंग्लिस / (Record no. 48210)

MARC details
000 -LEADER
fixed length control field 01019nam a22002297a 4500
005 - DATE AND TIME OF LATEST TRANSACTION
control field 20101004145520.0
008 - FIXED-LENGTH DATA ELEMENTS--GENERAL INFORMATION
fixed length control field 101004t xxu||||| |||| 00| 0 Mar d
010 ## - LCCN (DPL NO)
LC control number MAR-20335
020 ## - INTERNATIONAL STANDARD BOOK NUMBER
International Standard Book Number 9788174345097
Terms of availability 200.00
035 ## - SYSTEM CONTROL NUMBER
System control number MR-12993
037 ## - SOURCE OF ACQUISITION
Source of stock number/acquisition DBAD / PUB
040 ## - CATALOGING SOURCE
Original cataloging agency DPL
Language of cataloging MR
082 ## - DEWEY DECIMAL CLASSIFICATION NUMBER
Classification number 920
100 ## - MAIN ENTRY--PERSONAL NAME
Personal name श्रोत्री,संदीप गजानन
9 (RLIN) 22747
245 ## - TITLE STATEMENT
Title मार्क इंग्लिस /
Statement of responsibility, etc संदीप गजानन श्रोत्री
246 ## - VARYING FORM OF TITLE
Title proper/short title Mark Inglis
Remainder of title by Sandeep Gajanan Shrotri
260 ## - PUBLICATION, DISTRIBUTION, ETC. (IMPRINT)
Place of publication, distribution, etc पुणे
Name of publisher, distributor, etc राजहँस प्रकाशन
Date of publication, distribution, etc 2010
270 ## - ADDRESS
Address 1025, सदाशिव पेठ
City पुणे
Postal code 411030
300 ## - PHYSICAL DESCRIPTION
Extent 162पृ
Dimensions 21 सेमी ( अजिल्द)
Other physical details सचित्र
942 ## - ADDED ENTRY ELEMENTS (KOHA)
Source of classification or shelving scheme Dewey Decimal Classification
Item type Marathi Books
Call number suffix इंग्लिस
Classification part 920
Holdings
Withdrawn status Lost status Source of classification or shelving scheme Damaged status Not for loan Collection code Home library Current library Date acquired Source of acquisition Cost, normal purchase price Total Checkouts Full call number Barcode Date last seen Copy number Cost, replacement price Koha item type
    Dewey Decimal Classification   Not For Loan Non-fiction D.B.Act.Division D.B.Act.Division 05/10/2010 DBAD / PUB 200.00   श्रोत्रीसं MR-12993 05/10/2010 1 200.00 Marathi Books

© Delhi Public Library
Hit Counter
free hit counter